The Framework Features of the EU Manufacturing Industry

Základný rámec príspevku je venovaný priemyselnej výrobe, jej postaveniu v hospodárstve EÚ a jej krajín a úzkym miestam jej rozvoja v kontexte meniacich sa podmienok a globálnych výziev, ktoré sú spojené hlavne s klimatickými a energetickými rizikami. Problémom pre hlbšiu analýzu je dostupnosť aktuá...

Ausführliche Beschreibung

Gespeichert in:
Bibliographische Detailangaben
1. Verfasser: Fifeková, Elena
Weitere Verfasser: Nemcová, Edita
Format: Buchkapitel
Sprache:Slowakisch
Schlagworte:
Tags: Tag hinzufügen
Keine Tags, Fügen Sie das erste Tag hinzu!

MARC

LEADER 00000naa a2200000 4500
001 0299268
005 20240220141134.1
041 0 |a slo 
044 |a SK 
245 1 0 |a The Framework Features of the EU Manufacturing Industry  |c Elena Fifeková, Edita Nemcová 
520 |a Základný rámec príspevku je venovaný priemyselnej výrobe, jej postaveniu v hospodárstve EÚ a jej krajín a úzkym miestam jej rozvoja v kontexte meniacich sa podmienok a globálnych výziev, ktoré sú spojené hlavne s klimatickými a energetickými rizikami. Problémom pre hlbšiu analýzu je dostupnosť aktuálnych údajov v odvetvovom členení a taktiež ich agregácia predovšetkým vo vzťahu k udržateľnému rozvoju. 
610 2 0 |a výroba priemyselná 
610 2 0 |a hospodárstvo 
610 2 0 |a zmeny klimatické 
610 2 0 |a rozvoj trvalo udržateľný 
610 2 0 |a náročnosť energetická 
610 2 0 |a úroveň rozvoja hospodárskeho 
100 1 |a Fifeková, Elena 
700 1 |a Nemcová, Edita